Регионална библиотека "Любен Каравелов" - Русе

Проблемът CETI (Запис номер 131283)

MARC детайли
000 -Лидер
Контролно поле с фиксирана дължина nam a22 a 4500
003 - Код на организацията, давaща контролен номер
Контролно поле BLK
005 - Дата и час на последна редакция
Контролно поле 20221130124937.0
008 - Елементи от данни с фиксирана дължина
fixed length control field 180409b bul|||||r ||||||| ||bul||
010 ## - Наследен системен номер
LC control number KNG00137095000
040 ## - Източник на каталожния запис
Идентификатор на билиотеката - собственик на записа BLK
041 ## - Код за език
Код за езика на текст/звукозапис или на отделно заглавие Български
Код за езика КДБФ Български
080 ## - УДК
Текстов определител УДК Разпространяване на научните знания - популяризиране на науката, занимателна наука, учение за явленията научно необяснени, заблуждения и фалшификации, илюзии и др. п., секретност на научните знания
УДК код - определител по УДК 001.9
УДК - код + определител 001.9
139 ## - Редно поле
Редна дума Проблемът CETI
Авторски знак Про - П 89
245 10 - Сведения за заглавието
Заглавие Проблемът CETI
Подзаглавни данни Връзка с извънземни цивилизации : Материари от Първата съв.-америк. конф. по проблема CETI
Редно поле (дума) прев. от рус. Атанаска Спасова Андреева.
257 ## - Страна на издаване
Страна на създаване/издаване СССР
260 ## - Област на издателските данни
Име на издателя, разпространителя и проч. Наука и изкуство
Година на издаване 1979
Печатница (Ямбол : Г. Димитров)
Място на издаване, разпространение и проч. София
300 ## - Физическа характеристика
Страници 351 с.
Илюстрации и др. с ил.
Размери/Мащаб 21 см
380 ## - Жанр
Жанр Общ отдел
500 ## - Общи забележки
Забележка Ориг. загл. Проблема CETI. - 11 101 тир. - Библиогр. с. 337-349.
650 #4 - Допълнително описание по предмет – тема
Основно описание – тема или топоним Космически изследвания
9 (RLIN) 247375
650 #4 - Допълнително описание по предмет – тема
Основно описание – тема или топоним Извънземни цивилизации
9 (RLIN) 242018
653 ## - Ключова дума – ненормативна
Ключова дума космически изследвания
653 ## - Ключова дума – ненормативна
Ключова дума извънземни цивилизации
700 1# - Други автори (авторска отговорност)
Лично име Андреева, Атанаска Спасова
Автороска отговорност (Описва отношението между автора и произведението) прев. от рус.
9 (RLIN) 378220
710 1# - Име на организация или юридическо лице като допълнителен термин за търсене
Наименование на организация или юридическо лице като редна дума Съветско-американска конф. Проблемът CETI. 1979
9 (RLIN) 2962
852 ## - Местоположение
Форматна сигнатура Цб 100923
Фондова буква Хранилище
999 ## - СИСТЕМНИ КОНТРОЛНИ НОМЕРА
Koha biblionumber 131283
Koha biblioitemnumber 131283
942 ## - АРТИКУЛИ
Вид на библиотечния материал Книги
Скрит в OPAC Не
Периодичен библиозапис Да
944 ## - СЪЗДАВАНЕ И РЕДАКЦИЯ на ЗАПИСА
Създаване/Редакция Създаване
Дата на регистрацията/редакция 10.12.2012
Статус, дата на статуса 10.12.2012 - от С1,Р / 10.12.2012
Служител, извършил регистрацията/редакцията Грета_Цуфелде
944 ## - СЪЗДАВАНЕ И РЕДАКЦИЯ на ЗАПИСА
Създаване/Редакция Редакция
Дата на регистрацията/редакция 2022-11-30
Статус, дата на статуса 2022-11-30
Наличности
Код за отписване Код за изгубен артикул Източник на класификационната схема Код за повреда Коз за рестрикции Код за отдаване Артикулен № Име на библиотеката - собственик Име на библиотеката, в която се намира в момента Статус (Текущо местоположение) Дата на вписване в системата Местоположение - отдел Цена в лева Инвентарен номер Систематично азбучна сигнатура Баркод Номер на екземпляра Цена в евро Служебна бележка Служебен тип на артикула
  Не е изгубен Universal Decimal Classification Не е повреден без рестрикции ползва се в читалня 214048 Регионална библиотека "Любен Каравелов" Русе Регионална библиотека "Любен Каравелов" Русе Хранилище 1979-01-01 Хранилище 1.56 293439 Цб 100923 120000293439 1 0.80 N: стар фонд Дата: 01.01.1979 Книги
Изтеглен Не е изгубен Universal Decimal Classification Не е повреден без рестрикции заемане за дома 214049 Регионална библиотека "Любен Каравелов" Русе Регионална библиотека "Любен Каравелов" Русе Заемна - подръчен фонд 1979-01-01 Заемна - подръчен фонд 1.56 293837 П 001.9/П 89 120000293837 2 0.80 N: стар фонд Дата: 01.01.1979 Дата инв: 01.02.2018 Бележки инв: П2018 Книги
Изтеглен Не е изгубен Universal Decimal Classification Не е повреден без рестрикции заемане за дома 214050 Регионална библиотека "Любен Каравелов" Русе Регионална библиотека "Любен Каравелов" Русе Заемна - подръчен фонд 1979-01-01 Заемна - подръчен фонд 1.56 293841 П 001.9/П 89 293841 3 0.80 N: стар фонд Дата: 01.01.1979 Дата инв: 01.02.2018 Бележки инв: П2018 Книги
Vip Innovations Ltd, Rousse, Bulgaria 2025